Complétez ces noms de capitales - Sprint - Statistiques

Statistiques générales
  • Ce quiz a été pris 1 531 fois
  • Le résultat moyen est 9 sur 18
Statistiques - réponses
Hint Réponse % Correct
Buenos Aires
64%
Andorre- la-Vieille
64%
New Delhi
63%
Kuala Lumpur
62%
Le Caire
61%
Oulan- Bator
60%
Abou Dabi
59%
Phnom Penh
52%
Addis- Abeba
51%
La Paz
48%
Sao Tomé
48%
San José
47%
Saint- Marin
45%
Sri Jayawardenapura Kotte
42%
Porto Novo
41%
Port Moresby
33%
Nuku' alofa
29%
Bandar Seri Begawan
28%
Aucun quiz correspondant
Distribution des résultats
% des personnes avec chaque résultat
Percentile par nombre de réponses
Votre historique - résultats
Vous n’avez pas pris ce quiz